000
00380nam a2200133Ia 4500
008
100328s9999 xx 000 0 und d
082
_b
66592
100
_a
टोळ दत्ता श्री.
245
_a
कल्पनाराणी.
260
_b
उमा.
630
_a
कल्पनाराणी.
730
_a
कल्पनाराणी.
942
_c
BOOK
999
_c
552331
_d
552328